Представление документа в формате MARC21

ПолеНазваниеЗначение
  Тип записи a
  Библиографический уровень m
001 Контрольный номер RU/URAIT/583673
005 Дата корректировки 20260429163643.4
008 Кодируемые данные 260429s2026 RU y f j 000 0 rus u
020 Индекс ISBN __
a ISBN 978-5-9916-8562-7
c Цена, тираж 1869.00
040 Источник каталогиз. __
a Служба первич. каталог. ИКО Юрайт
c Служба, преобразующая запись ИКО Юрайт
e Правила каталог. RCR
041 Код языка издания __
a Код языка текста rus
044 Код страны публикации __
a Код страны публикации RU
080 Индекс УДК __
a Индекс УДК 004.03(075.8)
084 Индекс другой классификации/Индекс ББК __
2 Источник индекса rubbk
a Индекс другой классификации/Индекс ББК 32.97я73
100 Автор __
a Автор Черпаков И. В.
q Полное имя Черпаков Игорь Владимирович
245 Заглавие __
a Заглавие Теоретические основы информатики
b Продолж. заглавия учебник и практикум для вузов
c Ответственность И. В. Черпаков.
256 Характеристики компьютерного файла __
a Характеристики компьютерного файла Электрон. дан.
260 Выходные данные __
a Место издания Москва
b Издательство Юрайт
c Дата издания 2026
300 Физическое описание __
a Объем 353 с
440 Серия __
a Серия Высшее образование
500 Примечания __
a Примечание URL: https://urait.ru/bcode/583673 (дата обращения: 29.04.2026).
520 Аннотация __
a Аннотация Получение хороших практических результатов при решении задач информационного характера невозможно без понимания теоретических основ информатики. Они являются фундаментом, на котором строятся знания и умения профессионалов в таких областях информационной сферы, как аналитика, моделирование и проектирование, программирование. Целью курса является изложение понятий теоретических основ информатики и их использования при решении экономических задач. Особенностью курса является охват нескольких учебных дисциплин, читаемых для студентов направления бизнес-информатики.
538 Прим. о системных особенностях __
a Прим. о системных особенностях Режим доступа: Электронно-библиотечная система Юрайт, для авториз. пользователей
653 Ключевые слова __
a Ключевые слова Фундаментальные и теоретические основы информатики
653 Ключевые слова __
a Ключевые слова Компьютерные и информационные науки
653 Ключевые слова __
a Ключевые слова Информатика
653 Ключевые слова __
a Ключевые слова Информатика и информационные технологии
653 Ключевые слова __
a Ключевые слова Информатика и программирование
653 Ключевые слова __
a Ключевые слова Информатика и основы компьютерных технологий
653 Ключевые слова __
a Ключевые слова Лингвистические основы информатики
653 Ключевые слова __
a Ключевые слова Информатика, в т.ч. современные информационные технологии
653 Ключевые слова __
a Ключевые слова Информатика и информационные технологии в профессиональной деятельности
653 Ключевые слова __
a Ключевые слова Информатика и основы программирования
653 Ключевые слова __
a Ключевые слова Основы информатики
653 Ключевые слова __
a Ключевые слова Теоретические основы информатики
653 Ключевые слова __
a Ключевые слова Компьютерные технологии и информатика
653 Ключевые слова __
a Ключевые слова Математические основы информатики
653 Ключевые слова __
a Ключевые слова Основы информатики и программирования
653 Ключевые слова __
a Ключевые слова Основы программирования и информатики
653 Ключевые слова __
a Ключевые слова Теоретическая информатика
653 Ключевые слова __
a Ключевые слова Информатика и современные информационные технологии
653 Ключевые слова __
a Ключевые слова Введение в информатику
653 Ключевые слова __
a Ключевые слова Математические и логические основы информатики
653 Ключевые слова __
a Ключевые слова Информатика и цифровые технологии
653 Ключевые слова __
a Ключевые слова Информатика, современные информационные технологии
653 Ключевые слова __
a Ключевые слова Информатика и компьютерные технологии
653 Ключевые слова __
a Ключевые слова Корректирующий курс по информатике
653 Ключевые слова __
a Ключевые слова Основы информатики и вычислительной техники
653 Ключевые слова __
a Ключевые слова Основы информатики и статистической радиофизики
653 Ключевые слова __
a Ключевые слова Информатика и алгоритмы управления
653 Ключевые слова __
a Ключевые слова Алгоритмические основы информатики
653 Ключевые слова __
a Ключевые слова Информатика и ИКТ
653 Ключевые слова __
a Ключевые слова Информатика и современные компьютерные технологии
653 Ключевые слова __
a Ключевые слова Информатика и ИТ
653 Ключевые слова __
a Ключевые слова Основы информатики и архитектура компьютеров
653 Ключевые слова __
a Ключевые слова Избранные вопросы теоретической информатики
653 Ключевые слова __
a Ключевые слова Информатика и основы информационных технологий
653 Ключевые слова __
a Ключевые слова Теоретические основы информатики. Имитационное моделирование
653 Ключевые слова __
a Ключевые слова Математические основы информатики и программирования
653 Ключевые слова __
a Ключевые слова Информатика и информационные профессиональные технологии
653 Ключевые слова __
a Ключевые слова Информатика и информационные технологии в профессиональной деятельности (лабораторный практикум)
653 Ключевые слова __
a Ключевые слова Основы информатики и программирование
653 Ключевые слова __
a Ключевые слова Имитационное моделирование и теоретические основы информатики
653 Ключевые слова __
a Ключевые слова Теоретические основы информатики. Визуальное проектирование
653 Ключевые слова __
a Ключевые слова Теоретические основы информатики. Технологии обработки информация
653 Ключевые слова __
a Ключевые слова Введение в теоретическую информатику
653 Ключевые слова __
a Ключевые слова Информационные технологии (информатика)
653 Ключевые слова __
a Ключевые слова Информатика и ИКТ в ПД
653 Ключевые слова __
a Ключевые слова Теоретическая информатика информационной безопасности
856 Электронный адрес документа 40
n Местонахождение сервера Юрайт
g Электронная книга
q Тип электронного формата html
h Имя пользователя ЮРАЙТ
v Часы доступа к ресурсу 20271231
2 Способ доступа Показать документ
x Служебное примечание https://urait.ru/book/cover/86B0F780-0C4C-4449-A0E9-EAD86AA59998
u URL https://urait.ru/bcode/583673
856 Электронный адрес документа 48
q Тип электронного формата cover
u URL https://urait.ru/book/cover/86B0F780-0C4C-4449-A0E9-EAD86AA59998
911 __
u 0030=https://urait.ru/bcode/583673
911 __
u 073a=9785991685627
u 073d=1869.00
911 __
u 106a=s
911 __
u 900l=
952 Тип литературы __
i Дисциплина Информатика
952 Тип литературы __
i Дисциплина Информатика и информационные технологии
952 Тип литературы __
i Дисциплина Информатика и программирование
952 Тип литературы __
i Дисциплина Информатика и основы компьютерных технологий
952 Тип литературы __
i Дисциплина Лингвистические основы информатики
952 Тип литературы __
i Дисциплина Информатика, в т.ч. современные информационные технологии
952 Тип литературы __
i Дисциплина Информатика и информационные технологии в профессиональной деятельности
952 Тип литературы __
i Дисциплина Информатика и основы программирования
952 Тип литературы __
i Дисциплина Основы информатики
952 Тип литературы __
i Дисциплина Теоретические основы информатики
952 Тип литературы __
i Дисциплина Компьютерные технологии и информатика
952 Тип литературы __
i Дисциплина Математические основы информатики
952 Тип литературы __
i Дисциплина Основы информатики и программирования
952 Тип литературы __
i Дисциплина Основы программирования и информатики
952 Тип литературы __
i Дисциплина Теоретическая информатика
952 Тип литературы __
i Дисциплина Информатика и современные информационные технологии
952 Тип литературы __
i Дисциплина Введение в информатику
952 Тип литературы __
i Дисциплина Математические и логические основы информатики
952 Тип литературы __
i Дисциплина Информатика и цифровые технологии
952 Тип литературы __
i Дисциплина Информатика, современные информационные технологии
952 Тип литературы __
i Дисциплина Информатика и компьютерные технологии
952 Тип литературы __
i Дисциплина Корректирующий курс по информатике
952 Тип литературы __
i Дисциплина Основы информатики и вычислительной техники
952 Тип литературы __
i Дисциплина Основы информатики и статистической радиофизики
952 Тип литературы __
i Дисциплина Информатика и алгоритмы управления
952 Тип литературы __
i Дисциплина Алгоритмические основы информатики
952 Тип литературы __
i Дисциплина Информатика и ИКТ
952 Тип литературы __
i Дисциплина Информатика и современные компьютерные технологии
952 Тип литературы __
i Дисциплина Информатика и ИТ
952 Тип литературы __
i Дисциплина Основы информатики и архитектура компьютеров
952 Тип литературы __
i Дисциплина Избранные вопросы теоретической информатики
952 Тип литературы __
i Дисциплина Информатика и основы информационных технологий
952 Тип литературы __
i Дисциплина Теоретические основы информатики. Имитационное моделирование
952 Тип литературы __
i Дисциплина Математические основы информатики и программирования
952 Тип литературы __
i Дисциплина Информатика и информационные профессиональные технологии
952 Тип литературы __
i Дисциплина Информатика и информационные технологии в профессиональной деятельности (лабораторный практикум)
952 Тип литературы __
i Дисциплина Основы информатики и программирование
952 Тип литературы __
i Дисциплина Имитационное моделирование и теоретические основы информатики
952 Тип литературы __
i Дисциплина Теоретические основы информатики. Визуальное проектирование
952 Тип литературы __
i Дисциплина Теоретические основы информатики. Технологии обработки информация
952 Тип литературы __
i Дисциплина Введение в теоретическую информатику
952 Тип литературы __
i Дисциплина Информационные технологии (информатика)
952 Тип литературы __
i Дисциплина Информатика и ИКТ в ПД
952 Тип литературы __
i Дисциплина Теоретическая информатика информационной безопасности